000 00674nam a22001937a 4500
999 _c175988
_d175988
005 20201016150922.0
010 _aENG-128559
020 _c795.00
_a9789390122868
035 _aEN-112091
037 _bDBAD/PUB
082 _a363.7392
100 _aSharan, Awadhendra
245 _aDust and Smoke: Air Pollution and Colonial Urbanism, India, c.1860–c.1940/
_cby Awadhendra Sharan
260 _aHyderabad
_bOrient Blackswan Private Limited
_c2020
270 _a3-6 752 Himayatnagar,
_bHyderabad
_e500029
_minfo@orientblackswan.com
300 _axxiv;319p.
_c21cm(pbk)
500 _aIncludes Index and Bibliography
942 _2ddc
_cEN
_h363.7392
_mSHA